League of Legends Champions - Statistics

General Stats
  • This quiz has been taken 281 times
    205 since last reset
  • The average score is 82 of 141
Answer Stats
Nickname Champion's Name % Correct
The Nine-Tailed Fox Ahri
96%
The Sad Mummy Amumu
95%
The Frost Archer Ashe
93%
The Minotaur Alistar
92%
The Might of Demacia Garen
92%
The Darkin Blade Aatrox
91%
The Sheriff of Plitover Caitlyn
88%
The Emperor of the Sands Azir
87%
The Hand of Noxus Darius
87%
The Dark Child Annie
84%
The Cryophoenix Anivia
83%
The Boy Who Shattered Time Ekko
83%
The Heart of the Freljord Braum
82%
The Rogue Assassin Akali
80%
The Spider Queen Elise
80%
The Lady of Luminosity Lux
80%
The Burning Vengeance Brand
79%
The Great Steam Golem Blitzcrank
78%
The Star Forger Aurelion Sol
76%
The Grand Duelist Fiora
76%
The Fallen Angel Morgana
76%
The Blind Monk Lee Sin
75%
The Scorn of the Moon Diana
74%
The Daughter of the Void Kai'Sa
74%
The Wuju Bladesman Master Yi
74%
The Master of Shadows Zed
74%
The Prodigal Explorer Ezreal
73%
The Loose Cannon Jinx
71%
The Judicator Kayle
71%
The Ice Witch Lissandra
71%
The Card Master Twisted Fate
71%
The Virtuoso Jhin
70%
The Sinister Blade Katarina
70%
The Boy and his Yeti Nunu & Willump
70%
The Blade Dancer Irelia
69%
The Glorious Executioner Draven
68%
The Colossus Galio
68%
The Void Walker Kassadin
68%
The Wandering Caretaker Bard
67%
The Piltover Enforcer Vi
66%
The Revered Inventor Heimerdinger
65%
The Green Father Ivern
65%
The Radiant Dawn Leona
65%
The Plague Rat Twitch
65%
The Unforgiven Yasuo
65%
The Yordle Gunner Tristana
64%
The Serpent's Embrace Cassiopeia
63%
The Tidal Trickster Fizz
63%
The Outlaw Graves
63%
The Terror of the Void Cho'Gath
62%
The Swift Scout Teemo
62%
The Daring Bombardier Corki
61%
The Saltwater Scourge Gangplank
61%
The Kraken Priestess Illaoi
61%
The Eternal Nightmare Nocturne
61%
The Grandmaster at Arms Jax
60%
The Fae Sorceress Lulu
60%
The Curator of the Sands Nasus
60%
The Mad Chemist Singed
60%
The Spear of Vengeance Kalista
59%
The Shadow Reaper Kayn
59%
The Purifier Lucian
59%
The Monkey King Wukong
59%
The Exemplar of Demacia Jarvan IV
58%
The Demon Jester Shaco
58%
The Bounty Hunter Miss Fortune
57%
The Berserker Olaf
57%
The Fire below the Mountain Ornn
57%
The Agony's Embrace Evelynn
56%
The Defender of Tomorrow Jayce
56%
The Titan of the Depths Nautilus
56%
The Void Burrower Rek'Sai
56%
The Half-Dragon Shyvana
56%
The Hexplosives Expert Ziggs
56%
The Lady of Clockwork Orianna
55%
The Voidreaver Kha'Zix
54%
The Eternal Hunters Kindred
54%
The Shard of the Monolith Malphite
54%
The Bestial Huntress Nidalee
54%
The Bloodharbor Ripper Pyke
54%
The Rune Mage Ryze
54%
The Eye of the Void Vel'Koz
54%
The Chronokeeper Zilean
54%
The Madman of Zaun Dr. Mundo
53%
The Twisted Treant Maokai
53%
The Tidecaller Nami
53%
The Blade's Shadow Talon
53%
The Thunder's Roar Volibear
53%
The Shadow of War Hecarim
52%
The Deathsinger Karthus
52%
The Cantankerous Cavalier Kled
52%
The Noxian Grand General Swain
52%
The Master of Metal Mordekaiser
51%
The Butcher of the Sands Renekton
51%
The Chain Warden Thresh
51%
The Rise of the Thorns Zyra
51%
The Troll King Trundle
50%
The Uncaged Wrath of Zaun Warwick
50%
The Armordillo Rammus
49%
The Missing Link Gnar
48%
The Charmer Rakan
48%
The Exile Riven
48%
The Tiny Master of Evil Veigar
48%
The Aspect of Twilight Zoe
48%
The Harbinger of Doom Fiddlesticks
47%
The Storm's Fury Janna
47%
The Enlightened One Karma
47%
The Artisan of War Pantheon
47%
The Pridestalker Rengar
47%
The Steel Shadow Camille
46%
The Rabble Rouser Gragas
46%
The Prophet of the Void Malzahar
46%
The Winter's Wrath Sejuani
46%
The Undead Juggernaut Sion
46%
The Maven of the Strings Sona
46%
The River King Tahm Kench
46%
The Barbarian King Tryndamere
46%
The Heart of the Tempest Kennen
45%
The Mouth of the Abyss Kog'Maw
44%
The Starchild Soraka
44%
The Rebel Xayah
43%
The Deceiver LeBlanc
42%
The Eye of Twilight Shen
40%
The Dreadnought Urgot
40%
The Night Hunter Vayne
40%
The Seneschal of Demacia Xin Zhao
40%
The Secret Weapon Zac
40%
The Battle Mistress Sivir
38%
The Crystal Vanguard Skarner
38%
The Mechanized Menace Rumble
37%
The Spirit Walker Udyr
37%
The Crimson Reaper Vladimir
37%
Demacia's Wings Quinn
36%
The Machine Herald Viktor
36%
The Magus Ascendant Xerath
36%
The Shepherd of Souls Yorick
36%
The Shield of Valoran Taric
35%
The Arrow of Retribution Varus
35%
The Dark Sovereign Syndra
34%
The Iron Ambassador Poppy
32%
The Stoneweaver Taliyah
30%
No matching quizzes found
Score Distribution
Percent of People with Each Score
Percentile by Number Answered
Your Score History
You have not taken this quiz since the last reset